书目信息 |
| 题名: |
洋务运动
|
|
| 作者: | 单强 著 | |
| 分册: | ||
| 出版信息: | 南京 江苏人民出版社 1998 |
|
| 页数: | 182页 | |
| 开本: | 19cm | |
| 丛书名: | ||
| 单 册: | ||
| 中图分类: | K256.1 | |
| 科图分类: | ||
| 主题词: | 中国--历史--1840~1949 , 洋务运动--史料 | |
| 电子资源: | ||
| ISBN: | 7-214-02096-3 | |
| 000 | 00652nam0 2200241 45 | |
| 001 | 0501081556 | |
| 005 | 20090921101412.03 | |
| 010 | @a7-214-02096-3@dCNY10.00 | |
| 100 | @a20050108d1998 km y0chiy0120 ea | |
| 101 | 0 | @achi |
| 102 | @aCN@b320000 | |
| 105 | @af z 000yy | |
| 200 | 1 | @a洋务运动@Ayang wu yun dong@f单强著@Fdan qiang zhu |
| 210 | @a南京@c江苏人民出版社@d1998 | |
| 215 | @a182页@c图@d19cm | |
| 300 | @a步履蹒跚 | |
| 606 | 0 | @a中国@x历史@z1840~1949 |
| 606 | 0 | @a洋务运动@x史料 |
| 690 | @aK256.1@v4 | |
| 701 | 0 | @a单强@Adan qiang@4著 |
| 801 | @aCN@bAHTY@c20090921 | |
| 905 | @aBZT@dK256.1@e1 | |
| 906 | @dCNY10.00@n0@r1 | |
| 洋务运动/单强著.-南京:江苏人民出版社,1998 |
| 182页:图;19cm |
| 步履蹒跚 |
| ISBN 7-214-02096-3:CNY10.00 |
| ● |
| 相关链接 |
|
|
|
正题名:洋务运动
索取号:K256.1/1
 
预约/预借
| 序号 | 登录号 | 条形码 | 馆藏地/架位号 | 状态 | 备注 |
| 1 | 385710 | 210163071 | 中心书库南/020架A面5层4列/ [索取号:K256.1/1] | 在馆 | |
| 2 | 385711 | 210163080 | 中心书库南/020架A面5层4列/ [索取号:K256.1/1] | 在馆 | |
| 3 | 385712 | 210163106 | 中心书库南/020架A面5层4列/ [索取号:K256.1/1] | 在馆 | |
| 4 | 385713 | 210163099 | 中心书库南/020架A面5层4列/ [索取号:K256.1/1] | 在馆 | |
| 5 | 385714 | 210163188 | 中心书库南/020架A面5层4列/ [索取号:K256.1/1] | 在馆 | |
| 6 | 385715 | 210163160 | 中心书库南/020架A面5层4列/ [索取号:K256.1/1] | 在馆 | |
| 7 | 385716 | 210163142 | 中心书库南/020架A面5层4列/ [索取号:K256.1/1] | 在馆 | |
| 8 | 385717 | 210163124 | 中心书库南/020架A面5层4列/ [索取号:K256.1/1] | 在馆 | |
| 9 | 385718 | 210163115 | 中心书库南/020架A面5层4列/ [索取号:K256.1/1] | 在馆 | |
| 10 | 385719 | 210163133 | 中心书库南/020架A面5层4列/ [索取号:K256.1/1] | 在馆 | |
| 11 | 438751 | 210676017 | 中心书库南/020架A面5层4列/ [索取号:K256.1/1] | 在馆 | |
| 12 | 438752 | 210676044 | 中心书库南/020架A面5层4列/ [索取号:K256.1/1] | 在馆 | |
| 13 | 438753 | 210676035 | 中心书库南/020架A面5层4列/ [索取号:K256.1/1] | 在馆 | |
| 14 | 438754 | 210676062 | 中心书库南/020架A面5层4列/ [索取号:K256.1/1] | 在馆 | |
| 15 | 438755 | 210676080 | 中心书库南/020架A面5层4列/ [索取号:K256.1/1] | 在馆 | |
| 16 | 438756 | 210676053 | 中心书库南/020架A面5层4列/ [索取号:K256.1/1] | 在馆 | |
| 17 | 438757 | 210676106 | 中心书库南/020架A面5层4列/ [索取号:K256.1/1] | 在馆 | |
| 18 | 438758 | 210676071 | 中心书库南/020架A面5层4列/ [索取号:K256.1/1] | 在馆 | |
| 19 | 438759 | 210676099 | 中心书库南/007架A面7层6列/ [索取号:K256.1/1] | 在馆 | |
| 20 | 438760 | 210676124 | 中心书库南/020架A面5层4列/ [索取号:K256.1/1] | 在馆 |